[Event "AUTO-OPEN-4584"]
[Site "http://www.queenalice.com/game.php?id=1871542"]
[Date "2026.4.6"]
[Round "2"]
[White "JailtonMaster"]
[Black "oniwa"]
[Result "1-0"]
[WhiteElo "2099"]
[BlackElo "1816"]

1. d4 Nf6 2. c4 e6 3. Nc3 Bb4 4. Bg5 Bxc3+ 5. bxc3 d6 6. Nf3 h6 7. Bh4 Nc6 8. e3
O-O 9. e4 e5 10. d5 Ne7 11. Bxf6 gxf6 12. Nh4 Kh8 13. Qh5 Kh7 14. Bd3 Rg8 15.
Qxf7+ Kh8 16. Qxf6+ Kh7 17. Nf5 Bxf5 18. exf5 Qd7 19. Qf7+ 1-0

[Event "AUTO-ADV-4932"]
[Site "http://www.queenalice.com/game.php?id=1872385"]
[Date "2026.4.24"]
[Round "1"]
[White "EduardoRo"]
[Black "oniwa"]
[Result "0-1"]
[WhiteElo "1699"]
[BlackElo "1997"]

1. e4 e5 2. Nf3 Nc6 3. Bb5 d6 4. O-O Nf6 5. d3 Bg4 6. Bg5 Be7 7. Nbd2 O-O 8.
Bxf6 Bxf6 9. c4 Nd4 10. h3 Nxf3+ 11. gxf3 Bh5 12. Kh2 Bh4 13. Rg1 Qf6 14. Nf1
Bxf3 15. Qd2 Bh5 16. Ng3 Bg5 17. Nxh5 Bxd2 18. Nxf6+ Kh8 19. Nd5 c6 20. Nc7 Rac8
21. Na6 cxb5 22. cxb5 bxa6 23. bxa6 Rc2 24. b3 Bf4+ 25. Kg2 Rd2 26. a4 Rxd3 27.
b4 Rd4 28. Kf3 Rxb4 29. Kg4 Rxe4 30. Kf5 Re2 31. Rg2 Re8 32. Rb1 g6+ 33. Kf6 Kg8
0-1

[Event "AUTO-ADV-4932"]
[Site "http://www.queenalice.com/game.php?id=1872397"]
[Date "2026.4.24"]
[Round "1"]
[White "SGF"]
[Black "oniwa"]
[Result "0-1"]
[WhiteElo "1752"]
[BlackElo "1949"]

1. e4 e5 2. Qf3 Nf6 3. d3 Bb4+ 4. c3 Bc5 5. Be2 Nc6 6. Qg3 O-O 7. Bh6 g6 8. Bxf8
Qxf8 9. h4 Qh6 10. Nd2 d5 11. Qg5 Qg7 12. h5 h6 13. Qg3 d4 14. b4 dxc3 15. bxc5
cxd2+ 16. Kxd2 Be6 17. a4 Nd7 18. Bg4 Bxg4 19. Qxg4 Nxc5 20. Ra3 Qf6 21. f3 Qf4+
22. Qxf4 exf4 23. Ne2 g5 24. d4 Rd8 25. Rc1 Na6 26. d5 Ne5 27. Nd4 c6 28. dxc6
Rxd4+ 29. Ke2 Nxc6 30. Kf2 Rd2+ 31. Kf1 Ne5 32. Rc8+ Kg7 33. Ra8 Nc4 34. Rc3
Ne3+ 35. Kg1 Rxg2+ 36. Kh1 Rg3 37. Rxa7 Rh3+ 38. Kg1 Rg3+ 39. Kf2 Nd1+ 40. Kf1
Nxc3 41. Rxb7 Rxf3+ 42. Kg2 g4 43. Rb6 Nc5 44. a5 Rg3+ 45. Kh2 N5xe4 46. a6 Rh3+
47. Kg2 f3+ 48. Kf1 Rh1# 0-1

[Event "AUTO-ADV-4932"]
[Site "http://www.queenalice.com/game.php?id=1872398"]
[Date "2026.4.24"]
[Round "1"]
[White "oniwa"]
[Black "SGF"]
[Result "1-0"]
[WhiteElo "1988"]
[BlackElo "1759"]

1. d4 d5 2. c4 dxc4 3. Nc3 c6 4. Nf3 f6 5. e4 Bg4 6. Bxc4 a6 7. Bf4 b5 8. Bb3 a5
9. a3 a4 10. Ba2 Qa5 11. Bd2 e6 12. Ne2 b4 13. Nf4 g5 14. Nxe6 Bxe6 15. Bxe6 Ne7
16. Bxb4 Qb5 17. Nd2 Nd7 18. Bc4 Qb6 19. Nf3 h5 20. O-O c5 21. Bc3 g4 22. Nh4
Bg7 23. d5 Ne5 24. Bxe5 fxe5 25. d6 Nc6 26. Qd5 O-O-O 27. Qe6+ Rd7 28. Nf5 Nd4
29. Ne7+ Kd8 30. Qd5 Rxd6 31. Qf7 Bf8 32. Ng6 Rxg6 33. Qd5+ Bd6 34. Qa8+ Qb8 35.
Qa5+ Bc7 36. Qxc5 g3 37. fxg3 Ne2+ 38. Bxe2 Bb6 39. Rad1+ Ke8 40. Bb5+ Rc6 41.
Bxc6# 1-0

[Event "AUTO-ADV-4932"]
[Site "http://www.queenalice.com/game.php?id=1872403"]
[Date "2026.4.24"]
[Round "1"]
[White "maurice916"]
[Black "oniwa"]
[Result "1-0"]
[WhiteElo "1868"]
[BlackElo "1990"]

1. Nf3 Nc6 2. c4 e6 3. e4 Bb4 4. Nc3 Nf6 5. d3 Bxc3+ 6. bxc3 O-O 7. Ba3 d6 8.
Qc2 e5 9. Be2 Bg4 10. O-O Ne7 11. h3 Bxf3 12. Bxf3 Ng6 13. d4 c6 14. dxe5 Nxe5
15. Be2 c5 16. Rad1 Qd7 17. Bxc5 Ne8 18. Be3 Qe6 19. Qb3 b6 20. Bc1 Nd7 21. Qc2
Nc5 22. Bf3 Nf6 23. Rfe1 Rad8 24. Qe2 Qe5 25. Qe3 Na4 26. Bd2 Rc8 27. c5 dxc5
28. c4 Rcd8 29. Rc1 Qb2 30. Red1 Qxa2 31. Be1 Rxd1 32. Bxd1 Re8 33. f3 Nb2 34.
Bb3 Qa3 35. Bf2 Rd8 36. Rc3 Qa1+ 37. Kh2 Nd1 38. Rc1 Nxe3 39. Rxa1 Rd3 40. Bxe3
a5 41. Bxc5 Rxb3 42. Bg1 Nd7 43. Rc1 b5 44. cxb5 Rxb5 45. Rc8+ Nf8 46. Bc5 1-0

[Event "AUTO-ADV-4932"]
[Site "http://www.queenalice.com/game.php?id=1872404"]
[Date "2026.4.24"]
[Round "1"]
[White "oniwa"]
[Black "maurice916"]
[Result "1-0"]
[WhiteElo "2014"]
[BlackElo "1855"]

1. e4 c6 2. d4 d5 3. e5 c5 4. Nf3 Bg4 5. Bb5+ Nc6 6. Bg5 Qa5+ 7. Nc3 e6 8. Bxc6+
bxc6 9. Bd2 cxd4 10. Ne2 Bxf3 11. Bxa5 Bxg2 12. Rg1 Bf3 13. Rg3 Bxe2 14. Qxe2
Bc5 15. Rxg7 Ne7 16. Qh5 Ng6 17. Rxh7 Rxh7 18. Qxh7 Ke7 19. Qg7 Rf8 20. Qf6+ Kd7
21. a3 Be7 22. Qg7 Ke8 23. O-O-O c5 24. Rf1 Rh8 25. Rh1 Rh3 26. Qg8+ Bf8 27. Bd2
Rh8 28. Qxh8 Nxh8 29. Bg5 Ng6 30. Bf6 Bh6+ 31. Kb1 Bf4 32. h4 Bh6 33. h5 Nf8 34.
Rg1 Kd7 35. Bg7 Bxg7 36. Rxg7 Ke7 37. f4 c4 38. h6 Ng6 39. Rxg6 fxg6 40. h7 1-0

[Event "AUTO-ADV-4933"]
[Site "http://www.queenalice.com/game.php?id=1872606"]
[Date "2026.4.29"]
[Round "1"]
[White "SGF"]
[Black "oniwa"]
[Result "0-1"]
[WhiteElo "1718"]
[BlackElo "1995"]

1. e4 e5 2. Qf3 Nf6 3. d3 Nc6 4. c3 d5 5. Be2 Bg4 6. Qg3 Bh5 7. h4 dxe4 8. b4
exd3 9. Bxd3 e4 10. Bb5 Qd1# 0-1

[Event "AUTO-ADV-4933"]
[Site "http://www.queenalice.com/game.php?id=1872607"]
[Date "2026.4.29"]
[Round "1"]
[White "oniwa"]
[Black "SGF"]
[Result "1-0"]
[WhiteElo "2001"]
[BlackElo "1717"]

1. d4 e6 2. e4 Qf6 3. Nf3 h6 4. Bb5 c6 5. Ba4 b5 6. Bb3 a5 7. a3 a4 8. Ba2 d5 9.
e5 Qg6 10. O-O Be7 11. Bf4 Na6 12. Nc3 f5 13. Ne2 h5 14. h4 b4 15. Qd3 c5 16.
Qb5+ Bd7 17. Qb7 Rc8 18. Qxa6 c4 19. Ng5 Bxg5 20. Bxg5 Ne7 21. axb4 Rc6 22. Qxa4
Rc8 23. Qa7 Nc6 24. Qc5 Rb8 25. b5 Na5 26. Qe7# 1-0

[Event "AUTO-ADV-4933"]
[Site "http://www.queenalice.com/game.php?id=1872624"]
[Date "2026.4.29"]
[Round "1"]
[White "maurice916"]
[Black "oniwa"]
[Result "1-0"]
[WhiteElo "1845"]
[BlackElo "2013"]

1. Nf3 Nc6 2. c4 e6 3. Nc3 Bb4 4. Qb3 Nf6 5. d3 O-O 6. Bd2 b6 7. e3 Bb7 8. Be2
Bd6 9. a3 a6 10. e4 Ne5 11. d4 Nxf3+ 12. Bxf3 e5 13. d5 Bc5 14. O-O h6 15. Na4
Be7 16. Rad1 c6 17. g3 b5 18. cxb5 cxb5 19. Nc3 Nh7 20. Bg2 Bc5 21. Kh1 Qf6 22.
f4 Bc8 23. Ne2 d6 24. fxe5 Qxe5 25. Bc3 Qh5 26. Nf4 Qg5 27. Bd2 Qe7 28. Bc3 Ng5
29. Rde1 Bd7 30. e5 Qd8 31. e6 fxe6 32. dxe6 Bxe6 33. Nxe6 Rxf1+ 34. Rxf1 Nxe6
35. Qxe6+ Kh8 36. Qf7 Qg8 37. Qh5 Qh7 38. Bxa8 a5 39. Rf8+ 1-0

[Event "AUTO-OPEN-4651"]
[Site "http://www.queenalice.com/game.php?id=1873055"]
[Date "2026.5.8"]
[Round "1"]
[White "cerenzo72"]
[Black "oniwa"]
[Result "1-0"]
[WhiteElo "2180"]
[BlackElo "1930"]

1. c4 e5 2. Nc3 Nf6 3. e4 Bb4 4. d3 Bxc3+ 5. bxc3 d6 6. Qc2 O-O 7. Nf3 Bg4 8.
Be2 Bxf3 9. Bxf3 h6 10. d4 Qe7 11. O-O Nh7 12. dxe5 Qxe5 13. Be3 c5 14. Rad1 Nd7
15. Rd5 Qf6 16. Rfd1 Nb6 17. Rxd6 Qe7 18. Bxc5 Qc7 19. Bxb6 axb6 20. Qb3 Ra6 21.
Rd7 Qc8 22. e5 Ng5 23. Bxb7 Qc5 24. Bxa6 Qxe5 25. Qxb6 Ne6 26. Qb3 Nc5 27. Qb5
Re8 28. Rd8 Rxd8 29. Rxd8+ Kh7 30. Rd1 Qh5 31. f3 Qe5 32. Qb1+ g6 33. Bb5 Qe3+
34. Kf1 Qxc3 35. a4 Ne6 36. Qa2 Kg7 37. a5 Qe5 38. Kg1 Nc7 39. a6 Nxb5 40. Qa1
1-0

[Event "AUTO-OPEN-4651"]
[Site "http://www.queenalice.com/game.php?id=1873078"]
[Date "2026.5.8"]
[Round "1"]
[White "oniwa"]
[Black "chessman"]
[Result "0-1"]
[WhiteElo "2024"]
[BlackElo "2145"]

1. e4 e6 2. d4 d5 3. Nc3 dxe4 4. Nxe4 Nd7 5. Bb5 a6 6. Bxd7+ Bxd7 7. Nf3 Nf6 8.
Nxf6+ Qxf6 9. Bg5 Qg6 10. O-O Bd6 11. Qd2 O-O 12. Ne5 Bxe5 13. dxe5 Bc6 14. f3
Rad8 15. Qc3 Rd7 16. a4 h6 17. Bh4 Qh5 18. Bg3 Rfd8 19. Rae1 Bxa4 20. b3 Bc6 21.
Kh1 Rd2 22. Rg1 Qf5 23. Rc1 Re2 24. Rgf1 Rdd2 25. Rf2 Rxf2 0-1

[Event "AUTO-OPEN-4651"]
[Site "http://www.queenalice.com/game.php?id=1873091"]
[Date "2026.5.8"]
[Round "1"]
[White "oniwa"]
[Black "Capixabba789"]
[Result "1-0"]
[WhiteElo "1989"]
[BlackElo "1799"]

1. d4 d5 2. c4 e6 3. Nc3 Nf6 4. Bg5 Be7 5. Nf3 O-O 6. e3 dxc4 7. Bxc4 Nbd7 8.
O-O Nb6 9. Bd3 Nbd5 10. Ne2 Bd7 11. a3 c6 12. e4 Nc7 13. Ng3 h6 14. Bf4 a6 15.
e5 Nfd5 16. Qd2 Nxf4 17. Qxf4 Nd5 18. Qg4 f5 19. exf6 Nxf6 20. Qf4 Be8 21. Rfe1
Bf7 22. Ne5 Bd6 23. Qh4 Bxe5 24. dxe5 Qxd3 25. exf6 Qg6 26. fxg7 Kxg7 27. Rad1
Kh7 28. Rd7 Qg5 29. Qxg5 hxg5 30. Rxe6 Kg8 31. Ree7 Rae8 32. Rxb7 Rxe7 33. Rxe7
Re8 34. Rxe8+ Bxe8 35. Ne4 g4 36. Nf6+ Kf7 37. Nxg4 c5 38. h4 Kg6 39. Ne5+ 1-0

[Event "AUTO-OPEN-4651"]
[Site "http://www.queenalice.com/game.php?id=1873092"]
[Date "2026.5.8"]
[Round "1"]
[White "Capixabba789"]
[Black "oniwa"]
[Result "0-1"]
[WhiteElo "1844"]
[BlackElo "1999"]

1. d4 Nf6 2. c4 e6 3. Nc3 Bb4 4. Bd2 Bxc3 5. Bxc3 d5 6. e3 O-O 7. c5 Nc6 8. Nf3
Ne4 9. Bd2 a6 10. Bd3 Ng5 11. O-O Ne4 12. a3 b6 13. b4 f5 14. Bc1 a5 15. Bb2
axb4 16. axb4 Rxa1 17. Bxa1 Nxb4 18. cxb6 cxb6 19. Ne5 Rf6 20. f3 Ng5 21. f4 Ne4
22. Bxe4 dxe4 23. h3 Nd5 24. Qe2 Rh6 25. Qf2 b5 26. Qg3 b4 27. Re1 Ba6 28. Rc1
Qa5 29. Qg5 Rf6 30. Nd7 Rg6 31. Qh4 Nf6 32. Ne5 Rh6 33. Qg5 Qa3 34. Rc7 Qxe3+
35. Kh2 Ne8 36. Re7 Bb5 37. Nd7 Bxd7 38. Rxd7 Rg6 39. Qe7 Qg3+ 40. Kg1 Qxg2# 0-1

[Event "AUTO-ADV-4935"]
[Site "http://www.queenalice.com/game.php?id=1873126"]
[Date "2026.5.8"]
[Round "1"]
[White "Capixabba789"]
[Black "oniwa"]
[Result "1-0"]
[WhiteElo "1830"]
[BlackElo "2011"]

1. d4 Nf6 2. c4 e6 3. Nc3 Bb4 4. Bd2 Nc6 5. e3 O-O 6. Nf3 Bxc3 7. Bxc3 Ne4 8.
Bd3 Nxc3 9. bxc3 Ne7 10. O-O d6 11. Bxh7+ Kh8 12. Ng5 g6 13. Qg4 Kg7 14. f4 f6
15. Nxe6+ Bxe6 16. f5 Bxf5 17. Rxf5 Kxh7 18. Qh3+ Kg7 19. Rf3 Rh8 20. Qg3 Nf5
21. Rxf5 Rh6 22. Rf4 Qh8 23. Raf1 g5 24. Rf5 Re8 25. c5 Re6 26. d5 Re5 27. cxd6
cxd6 28. Rxe5 dxe5 29. h3 Qc8 30. e4 Qc4 31. Qg4 Qc5+ 32. Kh1 b5 33. Qd7+ Kg6
34. Qe6 Kh5 35. Rxf6 Rxf6 36. Qxf6 Qxc3 37. Kh2 Qc7 38. g4+ 1-0

[Event "AUTO-ADV-4935"]
[Site "http://www.queenalice.com/game.php?id=1873127"]
[Date "2026.5.8"]
[Round "1"]
[White "oniwa"]
[Black "Capixabba789"]
[Result "1-0"]
[WhiteElo "1980"]
[BlackElo "1808"]

1. e4 e5 2. Nf3 d6 3. Bc4 Be7 4. d4 exd4 5. Nxd4 Nf6 6. Nc3 Bd7 7. O-O Nc6 8.
Nf3 O-O 9. h3 Ne5 10. Nxe5 dxe5 11. a3 Bc6 12. Bg5 a6 13. Bxf6 Bxf6 14. Qf3 Kh8
15. Rad1 Qe7 16. Bd5 Rad8 17. Rd3 Bb5 18. Nxb5 axb5 19. Bxb7 c5 20. Bd5 c4 21.
Rd2 Rd6 22. Rfd1 Rfd8 23. b3 cxb3 24. Qxb3 h6 25. Qxb5 Qa7 26. Rd3 Bh4 27. g3
Bg5 28. Bc4 Rxd3 29. Rxd3 Rxd3 30. cxd3 Qxa3 31. Qe8+ Kh7 32. Bxf7 g6 33. Qg8#
1-0

[Event "AUTO-ADV-4935"]
[Site "http://www.queenalice.com/game.php?id=1873144"]
[Date "2026.5.8"]
[Round "1"]
[White "oniwa"]
[Black "WHUSIRO"]
[Result "0-1"]
[WhiteElo "1969"]
[BlackElo "1865"]

1. e4 c5 2. Nf3 d6 3. d4 cxd4 4. Nxd4 Nc6 5. Nxc6 bxc6 6. Bg5 h6 7. Bh4 Qa5+ 8.
Nc3 e5 9. Be2 Be7 10. Bg3 Nf6 11. Qd3 Be6 12. a3 Rb8 13. b4 Qc7 14. O-O O-O 15.
f4 exf4 16. Bxf4 Rfd8 17. Qg3 Kh8 18. Bd3 Nh5 19. Qe3 Nxf4 20. Qxf4 Bg5 21. Qg3
Bf6 22. Ne2 Be5 23. Nf4 g5 24. Nxe6 fxe6 25. Qh3 Bxa1 26. Qxh6+ Qh7 27. Qxh7+
Kxh7 28. Rxa1 Kh6 29. Rf1 Rf8 30. Rd1 d5 31. c4 Rbd8 32. exd5 exd5 33. Re1 Rde8
34. Rc1 Re3 35. Rd1 dxc4 36. Bxc4 Rxa3 37. Rd6+ Kh5 38. Rxc6 Ra1+ 0-1

[Event "AUTO-ADV-4935"]
[Site "http://www.queenalice.com/game.php?id=1873146"]
[Date "2026.5.8"]
[Round "1"]
[White "oniwa"]
[Black "Carlos19"]
[Result "1-0"]
[WhiteElo "2009"]
[BlackElo "1577"]

1. d4 e6 2. e4 Nc6 3. Bb5 a6 4. Bxc6 dxc6 5. Nf3 f6 6. Nc3 h6 7. O-O f5 8. exf5
exf5 9. Qe2+ Ne7 10. Rd1 Kf7 11. Ne5+ Kg8 12. Qc4+ Nd5 13. Nxd5 cxd5 14. Qd3 Rh7
15. a3 g5 16. b4 c6 17. c4 a5 18. b5 c5 19. Qb3 a4 20. Qc3 b6 21. dxc5 f4 22.
Rxd5 Qe8 23. cxb6 Bg7 24. Bb2 Bxe5 25. Rxe5 Be6 26. Rae1 Re7 27. Rxe6 Qg6 28.
Qh8+ Kf7 29. Rxe7# 1-0

[Event "AUTO-ADV-4935"]
[Site "http://www.queenalice.com/game.php?id=1873147"]
[Date "2026.5.8"]
[Round "1"]
[White "Carlos19"]
[Black "oniwa"]
[Result "0-1"]
[WhiteElo "1643"]
[BlackElo "1997"]

1. e4 e5 2. Nf3 Nc6 3. Bc4 Bc5 4. a3 Nf6 5. Nc3 O-O 6. d3 d6 7. Nd5 Bg4 8. h3
Bh5 9. Bg5 Bxf3 10. Qxf3 Nd4 11. Qd1 h6 12. Bxf6 gxf6 13. Qg4+ Kh7 14. Rc1 Rg8
15. Qf5+ Nxf5 16. O-O Nh4 17. g3 Nf3+ 18. Kg2 Nd2 19. Rfd1 Nxc4 20. dxc4 f5 21.
exf5 Qh4 22. Rd2 Bxf2 23. Rxf2 Qxg3+ 24. Kh1 Qxf2 25. Nf6+ Kh8 26. Nxg8 Rxg8 0-1

[Event "AUTO-ADV-4923"]
[Site "http://www.queenalice.com/game.php?id=1873326"]
[Date "2026.5.13"]
[Round "2"]
[White "mvson33"]
[Black "oniwa"]
[Result "0-1"]
[WhiteElo "1802"]
[BlackElo "1957"]

1. e4 e5 2. Nf3 Nc6 3. Bb5 d6 4. O-O Bd7 5. d4 exd4 6. Nxd4 Nxd4 7. Bxd7+ Qxd7
8. Qxd4 c5 9. Qd3 g6 10. Nc3 Nf6 11. Bg5 Bg7 12. Rad1 h6 13. Bf4 O-O 14. Nd5 Nh5
15. Be3 Bxb2 16. h3 Be5 17. Bxh6 Rfe8 18. f4 Bd4+ 19. Qxd4 cxd4 0-1

[Event "AUTO-ADV-4923"]
[Site "http://www.queenalice.com/game.php?id=1873327"]
[Date "2026.5.13"]
[Round "2"]
[White "oniwa"]
[Black "mvson33"]
[Result "0-1"]
[WhiteElo "1954"]
[BlackElo "1757"]

1. e4 c5 2. Nf3 Nc6 3. Bb5 d6 4. d4 cxd4 5. Qxd4 a6 6. Bxc6+ bxc6 7. Bf4 Nf6 8.
Nc3 Bb7 9. O-O-O e5 10. Bxe5 dxe5 11. Qxd8+ Rxd8 12. Rxd8+ Kxd8 13. Nxe5 Ke8 14.
Re1 Be7 15. Rd1 g6 16. Nf3 Kf8 17. e5 Nd5 18. a3 Kg7 19. h4 Rd8 20. g3 Nxc3 21.
bxc3 Bxa3+ 0-1

[Event "AUTO-ADV-4923"]
[Site "http://www.queenalice.com/game.php?id=1873333"]
[Date "2026.5.13"]
[Round "2"]
[White "Capixaba789"]
[Black "oniwa"]
[Result "1-0"]
[WhiteElo "1758"]
[BlackElo "2006"]

1. d4 Nf6 2. c4 d5 3. cxd5 Nxd5 4. e4 Nf6 5. Nc3 Bg4 6. Nf3 Bxf3 7. Qxf3 Qxd4 8.
Be2 Nc6 9. O-O Ne5 10. Qg3 Nxe4 11. Nxe4 Qxe4 12. Re1 Nc6 13. Bf4 O-O-O 14. Bg4+
Qe6 15. Rxe6 fxe6 16. Bxe6+ 1-0